| 000 | 01031nam a2200325Ia 4500 | ||
|---|---|---|---|
| 003 | OSt | ||
| 005 | 20220912145115.0 | ||
| 006 | a|||||r|||| 00| 0 | ||
| 007 | ta | ||
| 008 | 220909b |||||||| |||| 00| 0 eng d | ||
| 020 | _a9780854042166 (hbd) | ||
| 024 | _a81928 | ||
| 037 | _b125, 29/08/2008, Ashutosh Technical Books | ||
| 037 | _cTextual | ||
| 040 |
_aCSL _beng _cCSL |
||
| 041 | _aeng | ||
| 082 | _aC21:(D), P7 | ||
| 100 | _aHester R E Ed. | ||
| 245 | 0 | _aNanotechnology:consequences for human health and the environment | |
| 260 |
_aCambridge _bRSC Publishing _c2007 |
||
| 300 |
_axiii, 134p. _ccm. |
||
| 490 | _aIssues in environmental science and technology, 24 | ||
| 500 | _aIncludes bibliographical references.; Index 133-134p. | ||
| 650 | _a Nanophysics | ||
| 650 | _a Nanophysics | ||
| 650 | _aPhysics | ||
| 700 | _a Harrison R M Ed. | ||
| 942 |
_hC21:(D), P7 _cTEXL _2CC |
||
| 999 |
_c23386 _d23386 |
||